<?xml version="1.0" encoding="UTF-8"?><?xml-stylesheet type="text/xsl" href="static/style.xsl"?><OAI-PMH xmlns="http://www.openarchives.org/OAI/2.0/" xmlns:xsi="http://www.w3.org/2001/XMLSchema-instance" xsi:schemaLocation="http://www.openarchives.org/OAI/2.0/ http://www.openarchives.org/OAI/2.0/OAI-PMH.xsd"><responseDate>2026-04-14T02:31:24Z</responseDate><request verb="GetRecord" identifier="oai:www.recercat.cat:10230/61287" metadataPrefix="marc">https://recercat.cat/oai/request</request><GetRecord><record><header><identifier>oai:recercat.cat:10230/61287</identifier><datestamp>2025-12-20T01:55:05Z</datestamp><setSpec>com_2072_6</setSpec><setSpec>col_2072_452953</setSpec></header><metadata><record xmlns="http://www.loc.gov/MARC21/slim" xmlns:dcterms="http://purl.org/dc/terms/" xmlns:xsi="http://www.w3.org/2001/XMLSchema-instance" xmlns:doc="http://www.lyncode.com/xoai" xsi:schemaLocation="http://www.loc.gov/MARC21/slim http://www.loc.gov/standards/marcxml/schema/MARC21slim.xsd">
   <leader>00925njm 22002777a 4500</leader>
   <datafield ind2=" " ind1=" " tag="042">
      <subfield code="a">dc</subfield>
   </datafield>
   <datafield ind2=" " ind1=" " tag="720">
      <subfield code="a">Universitat Pompeu Fabra. Grup de Recerca en Comunicació Política, Periodisme i Democràcia (POLCOM-GRP)</subfield>
      <subfield code="e">author</subfield>
   </datafield>
   <datafield ind2=" " ind1=" " tag="260">
      <subfield code="c">2024-10-01T15:16:12Z</subfield>
   </datafield>
   <datafield ind2=" " ind1=" " tag="260">
      <subfield code="c">2024-10-01T15:16:12Z</subfield>
   </datafield>
   <datafield ind2=" " ind1=" " tag="260">
      <subfield code="c">2024</subfield>
   </datafield>
   <datafield ind2=" " ind1=" " tag="520">
      <subfield code="a">Aquest opuscle és el resultat del seminari «Periodisme i política durant la Transició. Antonio Franco i la direcció de diaris», organitzat pel Grup de Recerca en Comunicació Política, Periodisme i Democràcia (POLCOM-GRP) el 22 de gener de 2024 a la Facultat de Comunicació de la Universitat Pompeu Fabra. Cinc periodistes, companys d’Antonio Franco en diverses etapes de la seva carrera, van intercanviar experiències i reflexions a propòsit de la seva figura, així com del paper que van tenir els directors de diaris durant la Transició i en l’evolució de les característiques d’aquest càrrec. El format del seminari amb testimonis clau, com a eina metodològica, permet endinsar-se en qüestions i matisos que difícilment serien observables o inferibles de l’anàlisi de contingut de la premsa de l’època. En la primera part del document s’exposa l’experiència i l’opinió dels ponents a partir de diversos interrogants que els van plantejat els organitzadors; en la segona, oberta a intervencions del públic, s’aprofundeix en allò exposat i s’introdueixen temes nous.</subfield>
   </datafield>
   <datafield tag="653" ind2=" " ind1=" ">
      <subfield code="a">Transició</subfield>
   </datafield>
   <datafield tag="653" ind2=" " ind1=" ">
      <subfield code="a">Antonio Franco</subfield>
   </datafield>
   <datafield tag="653" ind2=" " ind1=" ">
      <subfield code="a">Diaris</subfield>
   </datafield>
   <datafield tag="653" ind2=" " ind1=" ">
      <subfield code="a">Història de la premsa</subfield>
   </datafield>
   <datafield tag="653" ind2=" " ind1=" ">
      <subfield code="a">Història del periodisme</subfield>
   </datafield>
   <datafield ind2="0" ind1="0" tag="245">
      <subfield code="a">Periodisme i política durant la Transició: Antonio Franco i la direcció de diaris</subfield>
   </datafield>
</record></metadata></record></GetRecord></OAI-PMH>